| 000 | 00759nam a2200265 a 4500 | ||
|---|---|---|---|
| 005 | 20160907152704.0 | ||
| 008 | 140123b2004 ck ||||| |||| 00| 0 spa d | ||
| 041 | _aspa | ||
| 044 | _ack | ||
| 090 |
_aIAVH _b00326 |
||
| 100 |
_aTobar , María Elena _94843 |
||
| 245 |
_aPueblo Cofán _blos navegantes del río Putumayo |
||
| 260 |
_aBogotá _bInstituto de Investigación de Recursos Biológicos Alexander von Humboldt _c2004 |
||
| 300 | _a189 p. | ||
| 505 | _aVol. 1 Andes | ||
| 505 | _aVol. 2 Caribe | ||
| 505 | _aVol. 3 Amazonas | ||
| 505 | _aVol. 2 Caribe | ||
| 505 | _aVol. 3 Amazonas | ||
| 700 |
_aPérez, Diego _94844 |
||
| 700 |
_aGiraldo, Marcela _94846 |
||
| 700 |
_94845 _aPérez, Angela |
||
| 942 |
_cCD-ROM _2z _02 |
||
| 945 | _d2005-04-08 | ||
| 999 |
_c4387 _d4387 |
||